01435cam a22003737a 4500003000500000005001700005008004100022010000900063011000900072035000900081040000900090090001000099100004100109245019300150260004000343300001000383502007700393590003700470590004100507590004100548590004100589590004200630650003600672650003100708650002900739650003200768650002900800901000700829942001000836949004100846949003200887999001500919952012700934CHAP20220329133142.0971013s1991 r 00010 d a2758 a3730 a2931 cCHAP aTesis00aMartínez Barrera, Adrián.971840 0aEvaluación de la calidad de cuatro cultivares de tabacos rubio (Nicotiana tabacum L. vars. Burley y Virginia) en tres tipos de suelos, bajo condiciones de invernadero en Chapingo, Méx. aChapingo, Méx. :bEl autor,c1991 a118 h aTesis (Ing. Agr. Esp. en Fitotecnia) -- UACH. Departamento de Fitotecnia aALEPHb10c20130110lUCH01h1213 aBATCH-UPDb10c20130110lUCH01h1851 aBATCH-UPDb10c20130410lUCH01h1220 aBATCH-UPDb10c20130914lUCH01h1127 aCONVERSIONb10c20130109lUCH01h130314aCultivos en invernadero.93037614aSuelos arcillosos.911053414aSuelos arenosos.911053514aSuelos tabacaleros.911056114aTabacoxCalidad.9111204 aBK cTESIS bBCcTESd-12439eTS1h24544i2931si bFcTESd-4307eTS1i2931sb c2758d2758 00102local4051708TESISaBCbBCcPA_TESISd2019-12-31fTESISl0oTesisp-12439r2019-12-31 00:00:00w2019-12-31yTESIS